00775 2200301 4500001002100000005001700021008004100038035002600079245001900105100001900124250000600143260005300149300002300202020001800225082000800243084000800251520001400259650003800273990001800311990001800329990001800347990001800365990001800383990001800401990001800419990001800437990001800455INLIS00000000000277220191230004857.0191230| ||| | ind  a 0010-12190000000277200cAndrew Carruth0 aAndrew Carruth a1 aEska Media : JakartabEska Media : Jakartac2009 a200 hlm ;c200 hlm a979-373-840-50 a100 a131 aAPBD 2014 0aSuccess Way Kiat Menjadi Kaya 131 aB201702106636 aB201702106637 aB201702106638 aB201702106636 aB201702106637 aB201702106638 aB201702106637 aB201702106636 aB201702106638